| 000 | 01542nam0a22002891 4500 | ||
|---|---|---|---|
| 001 | rc\3638533 | ||
| 005 | 20260407094647.0 | ||
| 021 |
_aRU _b[71-5355] |
||
| 035 | _a(NLR Aleph) 007828207 | ||
| 090 |
_a7766462 _c7766462 |
||
| 100 | _a20130115d1970 |||y0rusy50 ca | ||
| 101 | 0 | _arus | |
| 102 | _aRU | ||
| 105 | _ay c ||||| | ||
| 200 | 1 |
_aМетодические указания по разработке и внедрению научной организации труда в птицеводстве _fМ-во сел. хоз-ва БССР. Белорус. науч.-исслед. ин-т экономики и организации с.-х. производства. Секция экономики Респ. правл. Науч.-техн. о-ва сел. хоз-ва БССР |
|
| 210 |
_aМинск _cБ. и. _d1970 |
||
| 215 |
_a30 с. _d20 |
||
| 300 | _aНа 3-й с.: подготовили канд. экон. наук Тарасевич В.Ф. и канд. с.-х. наук Макаров И.Л. | ||
| 606 |
_aПтицеводство _xОрганизация труда _2psbo |
||
| 702 | 1 |
_aМакаров _bИ.Л. _4570 |
|
| 702 | 1 |
_aТарасевич _bВ.Ф. _gВладимир Федорович _4570 |
|
| 712 | 0 | 2 |
_aБелорусский НИИ экономики и организации сельскохозяйственного производства _cМинск _3RU\NLR\AUTH\889920445 _9337101 |
| 801 | 0 |
_aRU _bNLR _gpsbo |
|
| 801 | 1 |
_aRU _bELAR _2rusmarc |
|
| 852 |
_aNLR _j71-4/3392 |
||
| 942 | _cBOOK | ||
| 980 | _aNB | ||